000 00734cam a22002414a 4500
001 11957730
005 20180208075628.0
008 000329s2000 txua b 001 0 eng
010 _a 00102061
020 _a0030314615
040 _aDLC
_cDLC
_dDLC
041 _aeng
042 _apcc
080 _a658.15 BRI
082 0 0 _a658.15 BRI
_221
100 1 _a55
101 _aMF
245 1 0 _aFundamentals of financial management /
_cEugene F. Brigham, Joel F. Houston.
504 _aIncludes bibliographical references and index.
906 _a7
_bcbc
_corignew
_d2
_eepcn
_f20
_gy-gencatlg
942 _2ddc
_cBK
999 _c42152
_d42152